000 00306nam a2200121Ia 4500
008 220216s9999 xx 000 0 und d
100 _aSaj Mathews A
245 0 _aNR: Prices soar as weather plays spoisport
260 _bRubber Asia
_c2011
300 _a75-76
500 _aSource Year: 2011
942 _cJS
999 _c64205
_d64205